000 00433 a2200169 4500
003 Nust
005 20170207153559.0
040 _cNust
082 _a005.1
100 _aSadeque, Ahsan BESE-13
245 _aDisater Management Support System (Hard / Soft-copy)
_cAhsan Sadeque, Nofel Elahi & Shakeb Ahmad
260 _aMCS
_bAug 2011
300 _axiv, 82 p
538 _aT4 Shelf No 5
650 _aUG Projects
651 _aUG CS Project
942 _cTHS
999 _c189222
_d189222